Üçgendeki tezgah (Record no. 8407)

MARC details
000 -BAŞLIK
Sabit Uzunlukta Kontrol Alanı 00993na a2200325 4500
001 - KONTROL NUMARASI
Denetim Alanı 15774
003 - KONTROL NUMARASI IDENTIFIER
Denetim Alanı MIRAKIL
005 - SON İŞLEM TARİHİ VE ZAMANI
Denetim Alanı 20181213155211.0
008 - SABİT-BOY VERİ ELEMANLARI - GENEL BİLGİLER
Sabit Uzunlukta Kontrol Alanı 161001b tu 000 0
020 ## - ULUSLARARASI STANDART KİTAP NUMARASI
Uluslararası Standart Kitap Numarası 9755660011
035 ## - SİSTEM KONTROL NUMARASI
Sistem Kontrol Numarası 15774
040 ## - KATALOGLAMA KAYNAK
Orijinal Kataloglama Ajansı Milas
Kataloglama Dili tur
Metne Dönüştürmek Ajansı TR-AnCHP
041 ## - DİL KODU
Metin / Ses Parça Veya Ayrı Başlığın Dil Kodu tur
082 ## - DEWEY ONLU SINIFLANDIRMA NUMARASI
Sınıflandırma Numarası 322.4209159
Ürün Numarası E67ü 1993
090 ## - SINIFLAMA NUMARASI
Sınıflama Numarası 322.42 E67ü 1993
100 ## - ANA GİRİŞ - KİŞİSEL İSİM
Kişisel Ad Ersever, Ahmet Cem
Bir Adıyla İlişkilendirilen Tarihler 1950 -
245 ## - BAŞLIK TABLOSU
Başlık Üçgendeki tezgah
Sorumluluk Tablosu, Vb Ahmet Cem Ersever
250 ## - EDITION TABLOSU
Baskı Beyanı Gnşlm. 5. bs.
260 ## - YAYIN, DAĞITIM, VB
Yayın, Dağıtım, Vb Yeri Ankara
Yayıncı, Dağıtıcı, Vs Adı Kiyap yayın dağıtım
Yayın, Dağıtım, Vb Tarihi 1993
300 ## - FİZİKSEL TANIM
Kapsam 232 s.
Diğer Fiziksel Ayrıntıları fotg.
Boyutlar 21 sm.
600 ## - KONU KATMA GİRİŞ - KURUMSAL ADI
Kişisel Ad Öcalan, Abdullah (APO)
Genel Alt Bölümü Siyasal ve sosyal görüşler
610 ## - KONU KATMA GİRİŞ - TOPLANTI ADI
Giriş Elemanı Olarak Kurumsal Ad Veya Yargı Alanı Adı Kürdistan İşçi Partisi (PKK)
Genel Alt Bölüm Tarih
650 ## - KONU KATMA GİRİŞ - TOPİKAL DÖNEM
Topikal Süreli Veya Coğrafi Ad Giriş Elemanı Terör örgütleri
Genel Alt Bölümü Kürdistan İşçi Partisi (PKK)
Kronolojik Alt Bölümü Siyasal etkinlik
Coğrafi Alt Bölümü Türkiye
650 ## - KONU KATMA GİRİŞ - TOPİKAL DÖNEM
Topikal Süreli Veya Coğrafi Ad Giriş Elemanı Kürtler
Genel Alt Bölümü Siyaset ve yönetim
Coğrafi Alt Bölümü Türkiye
650 ## - KONU KATMA GİRİŞ - TOPİKAL DÖNEM
Topikal Süreli Veya Coğrafi Ad Giriş Elemanı Kürt sorunu
650 ## - KONU KATMA GİRİŞ - TOPİKAL DÖNEM
Topikal Süreli Veya Coğrafi Ad Giriş Elemanı Kürt ayaklanması
942 ## - EKLENDİ GİRİŞ ELEMANLARI (KOHA)
Sınıflandırma Veya Raf Düzeni Kaynak Dewey Decimal Classification
Koha Öğesi Türü Books
999 ## - SİSTEM KONTROL NUMARALARI (KOHA)
Koha Biblionumber 8407
Koha Biblioitemnumber 8407
657 ## - INDEX SÜRE - İŞLEVİ
-- Kürt sorunu
657 ## - INDEX SÜRE - İŞLEVİ
-- PKK
Holdings
Kalıcı Konum Mevcut Konum Edinme Tarihi Edinim Kaynak Toplam Check-Out'Lar Tam Çağrı Numarası Barkod Tarih Son Görülme İtibaren Geçerli Fiyatlar Koha Öğesi Türü
CHP Kütüphanesi CHP Kütüphanesi 09/23/2016 Bağış   322.42 E67ü 1993 005613 09/23/2016 09/23/2016 Books